Представление документа в формате RUSMARC

ПолеНазваниеЗначение
  Тип записи a
  Библиографический уровень m
001 Контрольный номер 3c02e4fd3e484e97a44bc4e14a3e024f
005 Дата корректировки 20201221140500.6
010 Индекс ISBN __
a ISBN 978-5-392-31219-1
d Цена 74-24; 88-00, 2000 экз.
100 Данные общей обработки __
a Данные общей обработки 19200615d2020||||||| 0rusy0189 ca
101 Язык документа 0_
a Язык текста rus
102 Страна публикации __
a Страна публикации RU|
102 Страна публикации __
a Страна публикации RU
105 Кодированные данные (монография) __
a Кодированные данные (монография) #||||||||||zy
200 Заглавие и сведения об ответственности 1_
a Заглавие Снежинка и другие терапевтические сказки для детей, которые...
e Сведения, относящиеся к заглавию кажутся малоэмоциональными, хотя в душе кипит буря, не делятся своими внутренними переживаниями с окружающими, общаются с окружающими формально, не вступая в близкие отношения, избегают творческих заданий, требующих самораскрытия, имеют телесные зажимы вокруг рта (может быть красная кайма), они видят мир так: "Я должен свои мысли и чувства скрывать от окружающих, они все равно меня не поймут"
f Первые сведения об ответственности О. Е. Хухлаев, О. В. Хухлаева
203 Вид содержания и тип средства __
a Вид содержания Текст
c Тип средства непосредственный
210 Выходные данные __
a Место издания Москва
c Издательство Проспект
d Дата издания 2020
215 Физическое описание __
a Объем 14, [2] с.
d Формат 21 см
300 Общие примечания __
a Общие примечания Заглавие с обложки книги
330 Аннотация __
a Аннотация В книге представлены терапевтические сказки, позволяющие детям 5-10 лет раскрыть себя, свой потенциал. Не бояться мнения и критики окружающих, что их не поймут или обидят. Такие дети, как правило, держат дистанцию и не сближаются со сверстниками, считая, что могут быть отвергнуты из-за иного мировоззрения. Все их чувства копятся внутри и практически не выражаются вовне, что, конечно, создает проблемы при общении с другими детьми. Сказки позволят детям решить многие жизненные трудности на понятном для них языке, а взрослым - лучше понять детский мир, его особенности. Книга будет полезна родителям, а также педагогам и психологам, работающим по новым федеральным государственным образовательным стандартам.
517 Другие варианты заглавия __
a Другие варианты заглавия Для детей, которые...
606 Тематические рубрики __
a Основная рубрика Психология
606 Тематические рубрики __
a Основная рубрика Детская психология
610 Ключевые слова __
a Ключевые слова детские страхи
610 Ключевые слова __
a Ключевые слова детские сказки
610 Ключевые слова __
a Ключевые слова дошкольники
610 Ключевые слова __
a Ключевые слова коррекционная работа
610 Ключевые слова __
a Ключевые слова младшие школьники
610 Ключевые слова __
a Ключевые слова психокоррекционная работа
610 Ключевые слова __
a Ключевые слова психокоррекционные сказки
610 Ключевые слова __
a Ключевые слова психокоррекция
610 Ключевые слова __
a Ключевые слова психологические сказки
610 Ключевые слова __
a Ключевые слова психологическое здоровье
610 Ключевые слова __
a Ключевые слова сказки
610 Ключевые слова __
a Ключевые слова замкнутые дети
610 Ключевые слова __
a Ключевые слова сказкотерапия
610 Ключевые слова __
a Ключевые слова терапевтические сказки
610 Ключевые слова __
a Ключевые слова трудности общения
610 Ключевые слова __
a Ключевые слова школьная адаптация
686 Индексы других классификаций __
2 Код системы rubbks
a Классификационный индекс 88.41-8; В88.41
700 Автор _1
a Фамилия Хухлаев
b Имя О. Е.
g Полное личное имя Олег Евгеньевич
4 Код отношения 070
701 Альтернативная интеллектуальная ответственность _1
a Фамилия Хухлаева
b Имя О. В.
f Даты 1952-2019
g Полное личное имя Ольга Владимировна
4 Код отношения 070
801 Источник записи _0
a Страна RU
b Организация Муниципальное бюджетное учреждение культуры "Централизованная библиотечная система" г. Сургут (Центральная городская библиотека им. А. С. Пушкина)
c Дата составления 20200615
g Правила каталогизации PSBO
801 Источник записи _1
a Страна RU
b Организация Муниципальное бюджетное учреждение культуры "Централизованная библиотечная система" г. Сургут (Центральная городская библиотека им. А. С. Пушкина)
c Дата составления 20200615
g Правила каталогизации PSBO
852 Данные о местонахождении __
j Шифр хранения 88.41-8
i Авторский знак Х 98
901 Тип документа __
t Тип документа m
a Ответственный ООФиК/Волкова; КиК/Лукашук
903 Характеристики (МАРС) __
a Дата передачи 20201007; 20200615
911 __
u 336a=Текст
911 __
u 337a=непосредственный
969 Тип издания __
a Тип издания научно-популярное издание
a Тип издания брошюра
990 Данные о заказе (DOS) __
j Количество экземпляров (DOS) 9; 4
t N записи в КСУ для И/У (DOS) 202009; 202005